000 00558nam a22001697a 4500
005 20251108164229.0
008 250721s1993 xx 000 0 ara d
082 1 4 _a784.0956/نجم
100 1 _aالنجمي، كمال
245 1 0 _aتراث الغناء العربي :
_bبين الموصلي و زرياب و أم كلثوم و عبد الوهاب /
264 1 _aبيروت :
_bدار الشروق،
_c1993.
300 _a260ص
650 1 7 _aالغناء العربي
650 1 7 _aالأغاني العربية
942 _2ddc
_cBK
999 _c6967
_d6967